| 000 | 01359nam a22002897a 4500 | ||
|---|---|---|---|
| 005 | 2010071208158.0 | ||
| 008 | 100712t xxu||||| |||| 00| 0 eng d | ||
| 010 | _aENG-96389 | ||
| 020 |
_a9788132104537 _c595.00 |
||
| 035 | _aEN-79922 | ||
| 037 | _bD.B.Act / Pub | ||
| 040 |
_adpl _bEng |
||
| 082 | _a363.22 | ||
| 100 | _aSen,Sankar | ||
| 245 |
_aEnforcing police accountability through civilian oversight / _cby Sankar Sen |
||
| 260 |
_aNew Delhi _bSage Publications _c2010 |
||
| 270 |
_aB1/11, Mohan Cooperative Inudstrial Area, Mathura Road, _bNew Delhi _e110044 |
||
| 300 |
_axiv,197p. _c24 cm (Hb.) |
||
| 500 | _a Includes bibliographical references and index. | ||
| 505 | _aIntroduction -- Police accountability -- Control by external agencies -- Civilian oversight bodies -- Policing the police: experience in the United Kingdom -- Police oversight in Canada -- Royal Canadian Mounted Police (RCMP) Public Complaint Commission - | ||
| 650 | _aPolice misconduct. | ||
| 650 |
_aPolice _xComplaints against. |
||
| 650 | _aCivilian review boards (Police administration) | ||
| 650 |
_a Police administration _xCitizen participation. |
||
| 942 |
_adpl _cEN _2ddc _h363.22 _mSEN |
||
| 999 |
_c36892 _d36892 |
||